|
|
|
|
| LEADER |
00000cam a2200000 cc4500 |
| 001 |
134194915X |
| 003 |
DE-627 |
| 005 |
20220527121308.0 |
| 007 |
cr uuu---uuuuu |
| 008 |
070925s2007 xx |||||o 00| ||ger c |
| 035 |
|
|
|a (DE-627)134194915X
|
| 035 |
|
|
|a (DE-576)271949155
|
| 035 |
|
|
|a (DE-599)BSZ271949155
|
| 040 |
|
|
|a DE-627
|b ger
|c DE-627
|e rakwb
|
| 041 |
|
|
|a ger
|
| 245 |
0 |
0 |
|a Fachserie
|p 10, Rechtspflege. Reihe 2.6, Staatsanwaltschaften
|n 2006
|
| 264 |
|
1 |
|c 2007
|
| 336 |
|
|
|a Text
|b txt
|2 rdacontent
|
| 337 |
|
|
|a Computermedien
|b c
|2 rdamedia
|
| 338 |
|
|
|a Online-Ressource
|b cr
|2 rdacarrier
|
| 773 |
1 |
8 |
|a Fachserie / Statistisches Bundesamt, Wiesbaden
|w (DE-627)389125539
|w (DE-576)121466876
|w (DE-600)2148055-2
|g 2006
|q 2007,2006
|7 nnas
|
| 935 |
|
|
|h SWB
|i vSatz
|
| 951 |
|
|
|a JV
|
| ELC |
|
|
|a 1
|
| LOK |
|
|
|0 000 xxxxxcx a22 zn 4500
|
| LOK |
|
|
|0 001 2594761494
|
| LOK |
|
|
|0 003 DE-627
|
| LOK |
|
|
|0 004 134194915X
|
| LOK |
|
|
|0 005 20090421114702
|
| LOK |
|
|
|0 008 090311||||||||||||||||ger|||||||
|
| LOK |
|
|
|0 040
|a DE-21-110
|c DE-627
|d DE-21-110
|
| LOK |
|
|
|0 541
|e 09/117
|
| LOK |
|
|
|0 852
|z Internet-Ausdruck, 143 S.
|
| LOK |
|
|
|0 852
|a DE-21-110
|
| LOK |
|
|
|0 852 1
|c H III 4
|m p
|9 00
|
| LOK |
|
|
|0 935
|a i110
|
| LOK |
|
|
|0 936ln
|a 6.1.3
|
| LOK |
|
|
|0 938
|a 0903
|
| LOK |
|
|
|0 938
|k p
|
| LOK |
|
|
|0 939
|a 11-03-09
|b l01
|
| ORI |
|
|
|a SA-MARC-krimdoka001.raw
|